Cumhuriyet Senatosu albümü (Record no. 2948)

MARC details
000 -BAŞLIK
Sabit Uzunlukta Kontrol Alanı 00607na a2200205 4500
001 - KONTROL NUMARASI
Denetim Alanı 15948
003 - KONTROL NUMARASI IDENTIFIER
Denetim Alanı MIRAKIL
005 - SON İŞLEM TARİHİ VE ZAMANI
Denetim Alanı 20181213154914.0
008 - SABİT-BOY VERİ ELEMANLARI - GENEL BİLGİLER
Sabit Uzunlukta Kontrol Alanı 160927b tu 000 0
040 ## - KATALOGLAMA KAYNAK
Orijinal Kataloglama Ajansı Milas
Kataloglama Dili tur
Metne Dönüştürmek Ajansı TR-AnCHP
082 ## - DEWEY ONLU SINIFLANDIRMA NUMARASI
Sınıflandırma Numarası 328.561072
Ürün Numarası C85c [1967?]
090 ## - SINIFLAMA NUMARASI
Sınıflama Numarası 328.561072 C85c [1967?]
110 ## - ANA GİRİŞ - KURUMSAL ADI
Giriş Elemanı Olarak Kurumsal Ad Veya Yargı Alanı Adı Cumhuriyet Senatosu
245 ## - BAŞLIK TABLOSU
Başlık Cumhuriyet Senatosu albümü
Başlığın Kalan 1 Kasım 1966
Sorumluluk Tablosu, Vb Cumhuriyet Senatosu
246 ## - UNVAN FORM VARYING
Başlık Doğru / Kısa Başlığı 1 Kasım 1966
260 ## - YAYIN, DAĞITIM, VB
Yayın, Dağıtım, Vb Yeri Ankara
Yayıncı, Dağıtıcı, Vs Adı Cumhuriyet Senatosu
Yayın, Dağıtım, Vb Tarihi [1967?]
300 ## - FİZİKSEL TANIM
Kapsam 67 s.
Diğer Fiziksel Ayrıntıları fotğ.
Boyutlar 17 sm.
610 ## - KONU KATMA GİRİŞ - TOPLANTI ADI
Giriş Elemanı Olarak Kurumsal Ad Veya Yargı Alanı Adı Cumhuriyet Senatosu
Genel Alt Bölüm Albümler
Kronolojik Alt Bölüm 1966
942 ## - EKLENDİ GİRİŞ ELEMANLARI (KOHA)
Sınıflandırma Veya Raf Düzeni Kaynak Dewey Decimal Classification
Koha Öğesi Türü Books
999 ## - SİSTEM KONTROL NUMARALARI (KOHA)
Koha Biblionumber 2948
Koha Biblioitemnumber 2948
Holdings
Kalıcı Konum Mevcut Konum Edinme Tarihi Edinim Kaynak Toplam Check-Out'Lar Tam Çağrı Numarası Barkod Tarih Son Görülme İtibaren Geçerli Fiyatlar Koha Öğesi Türü
CHP Kütüphanesi CHP Kütüphanesi 09/27/2016 Bağış   328.561072 C85c [1967?] 005109 09/27/2016 09/27/2016 Books